ATP Tour Events - Statistics

General Stats
  • This quiz has been taken 55 times
  • The average score is 36 of 62
Answer Stats
Hint Answer % Correct
Grand Slam US Open
100%
Grand Slam Australian Open
98%
Grand Slam French Open
98%
Grand Slam Wimbledon
98%
ATP 1000 Indian Wells
93%
ATP 1000 Miami
93%
ATP 1000 Paris
93%
ATP 1000 Rome
93%
ATP 1000 Madrid
90%
ATP 1000 Shanghai
90%
ATP 1000 Monte Carlo
86%
ATP 1000 Montreal/Toronto
86%
ATP 500 Rio
86%
ATP 1000 Cincinnati
83%
ATP 500 Barcelona
81%
ATP 500 Rotterdam
79%
ATP 500 Tokyo
74%
ATP 500 Beijing
69%
ATP 250 Buenos Aires
69%
ATP 500 Dubai
69%
ATP 500 London
69%
ATP 250 Auckland
67%
ATP 250 Dallas
67%
ATP 250 Munich
67%
ATP 500 Vienna
67%
ATP 500 Washington D.C.
67%
ATP 500 Acapulco
64%
ATP 500 Halle
64%
ATP 250 Stockholm
64%
ATP 250 Santiago
60%
ATP 500 Basel
57%
ATP 250 Houston
57%
ATP 250 Lyon
57%
ATP 250 Adelaide
55%
ATP 250 Doha
55%
ATP 250 Marseille
55%
ATP 250 Atlanta
52%
ATP 250 Winston-Salem
48%
ATP 250 Geneva
45%
ATP 250 Marrakesh
45%
ATP 250 Mallorca
43%
ATP 250 Stuttgart
43%
ATP 250 Los Cabos
40%
ATP 250 Montpellier
40%
ATP 250 Antwerp
38%
ATP 250 Eastbourne
38%
ATP 250 Estoril
38%
ATP 250 Newport
38%
ATP 250 's-Hertogenbosch
38%
ATP 250 Astana
36%
ATP 250 Båstad
36%
ATP 250 Cordoba
33%
ATP 250 Delray Beach
33%
ATP 250 Kitzbühel
33%
ATP 250 Sofia
31%
ATP 250 Umag
31%
ATP 250 Chengdu
26%
ATP 250 Metz
26%
ATP 250 Banja Luka
24%
ATP 250 Pune
21%
ATP 250 Gstadd
5%
ATP 250 Zhuzai
2%
No matching quizzes found
Score Distribution
Percent of People with Each Score
Percentile by Number Answered
Your Score History
You have not taken this quiz